[Event "EU-ch 21st"]
[Site "Reykjavik"]
[Date "2021.08.28"]
[Round "3"]
[White "Briem, Gudrun Fanney"]
[Black "Briem, Benedikt"]
[Result "0-1"]
[WhiteElo "1240"]
[BlackElo "1858"]
[PlyCount "98"]
[EventDate "2021.08.26"]
[EventType "swiss"]
[EventRounds "11"]
[EventCountry "ISL"]
[SourceTitle "CBM 204"]
[Source "ChessBase"]
[SourceDate "2021.10.31"]
[SourceVersion "1"]
[SourceVersionDate "2021.10.31"]
[SourceQuality "1"]

1. d4 Nf6 2. c4 e6 3. Nc3 Bb4 4. Bg5 c5 5. e3 Qa5 6. Nge2 Ne4 7. Bf4 Nxc3 8. Nxc3 Bxc3+ 9. bxc3 Qxc3+ 10. Ke2 Qxc4+ 11. Qd3 Qxd3+ 12. Kxd3 cxd4 13. Kxd4 Nc6+ 14. Kc3 e5 15. Bg3 d5 16. Bb5 f6 17. Rhd1 Be6 18. Rac1 Ke7 19. Kb2 Rhc8 20. f3 a6 21. Ba4 Na5 22. Bb3 Rxc1 23. Rxc1 Kd6 24. f4 Rc8 25. Rxc8 Bxc8 26. Kc3 Nc6 27. fxe5+ fxe5 28. Bc2 g6 29. h3 Kc5 30. e4 d4+ 31. Kd3 Be6 32. a3 Bc4+ 33. Kd2 b5 34. Bd3 a5 35. Be1 b4 36. axb4+ Nxb4 37. Bb1 a4 38. Bg3 a3 39. Bxe5 a2 40. Bxa2 Nxa2 41. Bf6 Nc3 42. e5 Ne4+ 43. Ke1 d3 44. e6 d2+ 45. Kd1 Bb3+ 46. Ke2 d1Q+ 47. Ke3 Qd2+ 48. Kf3 Qf2+ 49. Kg4 Qg3# 0-1

[Event "EU-ch 21st"]
[Site "Reykjavik"]
[Date "2021.08.27"]
[Round "2"]
[White "Stremavicius, Pijus"]
[Black "Briem, Gudrun Fanney"]
[Result "1-0"]
[WhiteElo "2146"]
[BlackElo "1240"]
[PlyCount "59"]
[EventDate "2021.08.26"]
[EventType "swiss"]
[EventRounds "11"]
[EventCountry "ISL"]
[SourceTitle "CBM 204"]
[Source "ChessBase"]
[SourceDate "2021.10.31"]
[SourceVersion "1"]
[SourceVersionDate "2021.10.31"]
[SourceQuality "1"]

1. d4 e5 2. dxe5 Nc6 3. Nf3 Qe7 4. Bf4 Qb4+ 5. Bd2 Qxb2 6. Nc3 Nb4 7. Nd4 Nc6 8. Rb1 Qxb1 9. Qxb1 Nxd4 10. Nd5 Ne6 11. Bb4 Bxb4+ 12. Qxb4 c6 13. e4 cxd5 14. exd5 Nc7 15. Qc5 Na6 16. Bxa6 bxa6 17. e6 fxe6 18. dxe6 dxe6 19. Qc6+ Bd7 20. Qxa8+ Kf7 21. 0-0 h5 22. Rd1 Ke7 23. Rxd7+ Kxd7 24. Qxa7+ Kc6 25. Qxg7 Rh6 26. Qxg8 Rf6 27. Qa8+ Kb5 28. Qb7+ Ka5 29. a3 Rf4 30. Qc7+ 1-0

[Event "EU-ch 21st"]
[Site "Reykjavik"]
[Date "2021.08.26"]
[Round "1"]
[White "Briem, Gudrun Fanney"]
[Black "Grigorian, Spartak"]
[Result "0-1"]
[WhiteElo "1240"]
[BlackElo "2448"]
[PlyCount "56"]
[EventDate "2021.08.26"]
[EventType "swiss"]
[EventRounds "11"]
[EventCountry "ISL"]
[SourceTitle "CBM 204"]
[Source "ChessBase"]
[SourceDate "2021.10.31"]
[SourceVersion "1"]
[SourceVersionDate "2021.10.31"]
[SourceQuality "1"]

1. d4 Nf6 2. Nf3 c5 3. c3 d5 4. Bf4 Nc6 5. e3 Qb6 6. Qb3 c4 7. Qxb6 axb6 8. Nbd2 b5 9. Be2 b4 10. 0-0 Bg4 11. h3 Bh5 12. Rfc1 e6 13. b3 bxc3 14. Rxc3 Ne4 15. Rc2 Nb4 16. Rac1 Nxc2 17. Rxc2 Nxd2 18. Rxd2 Bb4 19. Rb2 c3 20. Bb5+ Ke7 21. Rc2 Bg6 22. Rc1 c2 23. Ne5 Rxa2 24. Nxg6+ hxg6 25. e4 dxe4 26. Kf1 Rc8 27. Ke2 Ba3 28. d5 exd5 0-1

[Event "EU-ch Online U12 Girls"]
[Site "Tornelo INT"]
[Date "2020.09.20"]
[Round "9"]
[White "Huseynova, Lala"]
[Black "Briem, Gudrun Fanney"]
[Result "1-0"]
[WhiteElo "1374"]
[BlackElo "1186"]
[PlyCount "133"]
[EventDate "2020.09.18"]
[EventType "swiss (rapid)"]
[EventRounds "9"]
[EventCountry "NET"]
[SourceTitle "EXT 2023"]
[Source "ChessBase"]
[SourceDate "2022.10.05"]
[SourceVersion "1"]
[SourceVersionDate "2022.10.05"]
[SourceQuality "1"]
[WhiteTeam "Azerbaijan"]
[BlackTeam "Island"]
[WhiteTeamCountry "AZE"]
[BlackTeamCountry "ISL"]

1. e4 d6 2. d4 Nf6 3. Nc3 g6 4. Nf3 Bg7 5. Be2 0-0 6. 0-0 Bg4 7. h3 Bxf3 8. Bxf3 Nbd7 9. Bg5 c6 10. Re1 e5 11. d5 c5 12. Qd3 a6 13. a4 Qc7 14. Be2 h6 15. Bh4 Nh7 16. Nd1 f5 17. exf5 gxf5 18. Ne3 f4 19. Nc4 Rae8 20. Bh5 e4 21. Rxe4 Rxe4 22. Qxe4 Ne5 23. Nxe5 Bxe5 24. c3 Qg7 25. f3 Kh8 26. Qg6 Qxg6 27. Bxg6 Kg7 28. Bxh7 Kxh7 29. Rb1 Rb8 30. Rd1 Ra8 31. a5 Re8 32. Re1 Kg6 33. Re4 Rc8 34. c4 Kf7 35. b3 Kg6 36. Be1 Kf5 37. Kh2 Rg8 38. Re2 Kg5 39. g3 Kf5 40. Rg2 fxg3+ 41. Bxg3 Bxg3+ 42. Rxg3 Re8 43. Rg7 Rb8 44. Rd7 Ke5 45. Re7+ Kf6 46. Re6+ Kf5 47. Rxd6 h5 48. Kg3 Rg8+ 49. Kf2 Re8 50. Rd7 Rb8 51. Rh7 Kg6 52. Rc7 b6 53. Rc6+ Kf7 54. axb6 a5 55. Ke3 Kg7 56. Kd3 Kf7 57. Kc3 Kg7 58. d6 Kf7 59. d7 Ke7 60. Rc8 Rxc8 61. dxc8Q Kf6 62. Qxc5 a4 63. bxa4 Kg6 64. b7 Kf6 65. b8Q h4 66. Qbf8+ Ke6 67. Qd5# 1-0

[Event "Reykjavik Taflfelag op"]
[Site "Reykjavik"]
[Date "2019.10.30"]
[Round "3"]
[White "Omarsson, Josef"]
[Black "Briem, Gudrun Fanney"]
[Result "0-1"]
[WhiteElo "1110"]
[BlackElo "1217"]
[PlyCount "42"]
[EventDate "2019.10.16"]
[EventType "swiss"]
[EventRounds "7"]
[EventCountry "ISL"]
[SourceTitle "CBM 193 Extra"]
[Source "ChessBase"]
[SourceDate "2020.01.31"]
[SourceVersion "1"]
[SourceVersionDate "2020.01.31"]
[SourceQuality "1"]

1. d4 Nf6 2. Bf4 g6 3. e3 Bg7 4. Nd2 0-0 5. Bd3 d6 6. Ngf3 Nbd7 7. 0-0 c6 8. Qe2 Qc7 9. c4 e5 10. dxe5 dxe5 11. Bg3 Re8 12. e4 Rf8 13. Rad1 Nh5 14. Bh4 Qb6 15. b3 Nf4 16. Qe1 Nxd3 17. Qe2 Nf4 18. Qe1 f5 19. h3 Nc5 20. exf5 Bxf5 21. Qe3 Rae8 0-1